| 000 | 00373cam a2200157ua 4500 | ||
|---|---|---|---|
| 041 |
_aeng _h |
||
| 082 |
_a823.308 _bCYP/TA |
||
| 100 | _aCypher, K . | ||
| 245 |
_aTaffrail / _cK Cypher. _hTextual Documents |
||
| 250 |
_a1 / _b. |
||
| 260 |
_aLondon : _bUniversity of London Press Ltd , _c1957. |
||
| 300 | _a192 ; . | ||
| 504 | _a | ||
| 942 | _cBK | ||
| 999 |
_c6915 _d6915 |
||